| 000 | 03206cam a22003377i 4500 | ||
|---|---|---|---|
| 999 |
_c20202 _d20202 |
||
| 005 | 20191224042348.0 | ||
| 008 | 140212s2014 dcuabf b 001 0 eng d | ||
| 020 | _a9781597269964 (hbk.) | ||
| 020 | _a1597269964 (hbk.) | ||
| 040 |
_aBTCTA _cBTCTA _dYDXCP _dBDX _dCLE _dYAM _dVP@ _dCDX _dABG _dOBE _dCOD _dEDK _dCHVBK _dJYJ _dDLC _dCO-BoIAVH |
||
| 041 | _aeng | ||
| 042 | _alccopycat | ||
| 044 | _axxu | ||
| 082 | 0 | 4 |
_a599.75 _bR11I |
| 100 | 1 |
_aRabinowitz, Alan, _d1953- _eauthor. |
|
| 245 | 1 | 3 |
_aAn indomitable beast : _bthe remarkable journey of the jaguar / _cAlan Rabinowitz. |
| 260 |
_aWashington: _bIsland Press, _c.2014 |
||
| 300 |
_axviii, 241 pages, 16 unnumbered pages of plates : _bcolor illustrations, color maps ; _c24 cm |
||
| 504 | _aIncludes bibliographical references (pages 209-224) and index. | ||
| 505 | 0 | _aIn the beginning... -- The Pleistocene jaguar corridor -- The first people of the jaguar -- When jaguars talked to man -- The conquest of jaguar land -- The killing grounds -- Into the jaguar's world -- Meals on the hoof -- Thinking to scale -- The underground railway of the jaguar -- Borderland jaguars -- In search of jaguarness -- The reluctant warrior -- Survival in a changing world. | |
| 520 | _aThe jaguar is one of the most mysterious and least-known big cats of the world. The largest cat in the Americas, it has survived an onslaught of environmental and human threats partly because of an evolutionary history unique among wild felines, but also because of a power and indomitable spirit so strong, the jaguar has shaped indigenous cultures and the beliefs of early civilizations on two continents. In An Indomitable Beast: The Remarkable Journey of the Jaguar, big-cat expert Alan Rabinowitz shares his own personal journey to conserve a species that, despite its past resilience, is now on a slide toward extinction if something is not done to preserve the pathways it prowls through an ever-changing, ever-shifting landscape dominated by humans. Rabinowitz reveals how he learned from newly available genetic data that the jaguar was a single species connected genetically throughout its entire range from Mexico to Argentina, making it unique among all other large carnivores in the world. In a mix of personal discovery and scientific inquiry, he sweeps his readers deep into the realm of the jaguar, offering fascinating accounts from the field. Enhanced with maps, tables, and color plates, An Indomitable Beast brings important new research to life for scientists, anthropologists, and animal lovers alike. This book is not only about jaguars, but also about tenacity and survival. From the jaguar we can learn better strategies for saving other species and also how to save ourselves when faced with immediate and long-term catastrophic changes to our environment. -- | ||
| 650 | 0 | _aJaguar. | |
| 650 | 0 |
_aJaguar _xSocial aspects. |
|
| 650 | 0 |
_aJaguar _xConservation. |
|
| 650 | 0 | _aWildlife conservation. | |
| 650 | 7 | _aArtenschutz. | |
| 650 | 7 | _aJaguar. | |
| 650 | 7 | _aWildtiermanagement. | |
| 942 |
_2ddc _cLIBRO |
||